LEADER 01965nam 2200433z- 450 001 9910346722503321 005 20210211 010 $a1000049863 035 $a(CKB)4920000000094476 035 $a(oapen)https://directory.doabooks.org/handle/20.500.12854/53703 035 $a(oapen)doab53703 035 $a(EXLCZ)994920000000094476 100 $a20202102d2015 |y 0 101 0 $ager 135 $aurmn|---annan 181 $ctxt$2rdacontent 182 $cc$2rdamedia 183 $acr$2rdacarrier 200 00$aModellbasierte Entwicklung funktional sicherer Hardware nach ISO 26262 210 $cKIT Scientific Publishing$d2015 215 $a1 online resource (VI, 291 p. p.) 225 1 $aSteinbuch Series on Advances in Information Technology / Karlsruher Institut für Technologie, Institut für Technik der Informationsverarbeitung 311 08$a3-7315-0442-1 330 $aThe compliance with functional safety according to the standard ISO 26262 in context of the increasing electrification of road vehicles is a significant challenge. This work provides a concept and methodology for the model-based development of functional safe hardware. This is characterized by the description of hardware designs, annotation of failure data and performing the demanded safety evaluations. 606 $aTechnology: general issues$2bicssc 610 $aBusiness Process Model and Notation (BPMN) 610 $aBusiness Process Model and Notation (BPMN)Functional Safety 610 $aFunktionale Sicherheit 610 $aHardware Safety Analyses 610 $aHardware-Sicherheitsanalysen 610 $aISO 26262 610 $aModel-based Development 610 $aModellbasierte Entwicklung 615 7$aTechnology: general issues 700 $aAdler$b Nico$4auth$01311285 906 $aBOOK 912 $a9910346722503321 996 $aModellbasierte Entwicklung funktional sicherer Hardware nach ISO 26262$93030198 997 $aUNINA